000 00359 a2200169 4500
001 182095
020 _a85-357-0027-7
040 _cMagnum
100 _aCunha, Leo
240 1 0 _aNa marca do pĂȘnalti
_lpor
245 1 0 _aNa marca do pĂȘnalti
300 _a92
362 0 _a1999
440 1 _aAtual Editora
697 _aLITERATURA JUVENIL
942 _cBK
999 _c182095
_d182095